000 01469nam a2200217 i 4500
001 44716
003 ES-MaACL
005 20260617125143.0
007 t|
008 030324s1956 fr ||||1| fre d
100 _aClaudel, Paul,
_d1868-1955
_9239252
245 1 0 _aThéâtre /
_cPaul Claudel ; introduction et chronologie de la vie et de l'oeuvre par Jacques Madaule.
260 _aParis :
_bGallimard :
_bBruges,
_c[1956] (
_fImp. Sainte Catherine)
300 _a2 t. ;
_c18 cm.
490 1 _aBibliothèque de la Pléiade ;
_v72,73
505 8 _aContiene: T.I: L'endormie. Fragment d'un drame. Tête d'or : première version. La ville : première version. La jeune fille Violaine : première version (1892). L'echange : première version. Le repos du septième jour. Agamenon d'Eschyle. Les Choéphores d'Eschyle. Partage de midi : première version. -- T.II: L'Annonce faite á Marie. L'otage. Protées. Le pain dur. Le père humiliè. La nuit de Noêl. L'ours et la lune. L'homme et son désir. La femme et son ombre. Le soulier de satin. La parabole du festin. La sagesse ou la parabole du festin. Sous le rempart d'Athènes. Le livre de Christophe Colomb. Jeanne d'Arc au bûcher. L'histoire de Tobie et de Sara. La lune a la recherche d'ellemême. Le jet de Pierre. Le ravissement de Scapin
700 1 _aMadaule, Jacques.
_975300
830 0 _aBibliothèque de la Pléiade ;
_v72,73
_9180233
852 _aES-MaACL
_jC-15274-5
_bR.43372
999 _c44716
_d44716